[Event "Hamadan Iran op 11th"]
[Site "Hamadan"]
[Date "2012.07.12"]
[Round "3"]
[White "Kowsarinia, Amir"]
[Black "Samadi, Hadi"]
[Result "1-0"]
[WhiteElo "2319"]
[BlackElo "2053"]
[PlyCount "69"]
[EventDate "2012.07.11"]
[EventType "swiss"]
[EventRounds "11"]
[EventCountry "IRI"]
[SourceTitle "CBM 149 Extra"]
[Source "ChessBase"]
[SourceDate "2012.08.24"]
[SourceVersion "1"]
[SourceVersionDate "2012.08.24"]
[SourceQuality "1"]

1. d4 c6 2. c4 d5 3. Nf3 Nf6 4. Qc2 g6 5. e3 Bf5 6. Bd3 Bxd3 7. Qxd3 dxc4 8. Qxc4 Qd5 9. Qc2 Nbd7 10. 0-0 Bg7 11. Nc3 Qh5 12. e4 0-0 13. Bf4 Bh6 14. Qd2 Bxf4 15. Qxf4 Rac8 16. Rfe1 Kg7 17. Rad1 Qa5 18. d5 Qb4 19. dxc6 Rxc6 20. Nd4 Rc4 21. e5 Nh5 22. Qg4 f5 23. Ne6+ Kg8 24. Qf3 Qxb2 25. Nxf8 Rxc3 26. Qd5+ Kxf8 27. Qxd7 Nf4 28. Qd8+ Kf7 29. e6+ Nxe6 30. Rxe6 Kxe6 31. Re1+ Kf7 32. Rxe7+ Kf6 33. Rxb7+ Ke6 34. Qd7+ Ke5 35. f4+ 1-0